000 00409nam a2200133Ia 4500
008 100328s9999 xx 000 0 und d
082 _b48796
100 _aभोंजाळ चंद्रकांत-अनु.
245 _aखंडित सूर्य
260 _bललितराज
630 _aखंडित सूर्य
730 _aखंडित सूर्य
942 _cBOOK
999 _c536358
_d536355